Katalóg zariadení vidieckeho turizmu a agroturizmu 1998

Podrobná bibliografia
Korporácia: Slovensko. Ministerstvo pôdohospodárstva (vyd), Slovenský zväz vidieckeho turizmu a agroturizmu (vyd)
Ďalší autori: Kondela, Jozef (Zostavovateľ, kompilátor), Deneš, Ladislav (fot), Mach, František (Zostavovateľ, kompilátor), Halás, Ľudovít (Zostavovateľ, kompilátor), Babinský, Miroslav (Zostavovateľ, kompilátor, gup)
Médium: Kniha
Jazyk:slovenčina
Fyzický popis:36 s. inform., fareb. fotogr., mp., reg. rekl., zozn. 30x21 cm
Vydavateľské údaje: Bratislava OTIS 1998
ISBN:8096787306
Predmet:

MARC

LEADER 00000nam a2200000 a 4500
001 vtls001402746
003 SK-MaSNL
005 20260302034903.0
008 160415s1998 xo abg r 0yy0 slo
015 |a SNBE2001/01-00260 
020 |a 8096787306 
035 |a SNK000357290 
040 |a SNK  |b slo  |c SNK  |e AACR2 
041 0 |a slo 
044 |a xo  |c SK 
080 |a 338.48:728.5/.6:379.8(437.6)(058)  |2 1981 
080 |a 728.5/.6  |2 1981 
080 |a 379.8  |2 1981 
245 1 |a Katalóg zariadení vidieckeho turizmu a agroturizmu 1998  |c zostavili: J. Kondela ... [et al.] ; grafická úprava: M. Babinský ; autori fotografií: L. Deneš 
246 1 0 |a Cataloque of accommodation facilities in rural tourism and agrotourism 
260 |a Bratislava  |b OTIS  |c 1998 
300 |a 36 s.  |b inform., fareb. fotogr., mp., reg. rekl., zozn.  |c 30x21 cm 
500 |a Súbež. náz. a text angl., nem. 
500 |a Vydané v spolupráci s Ministerstvom pôdohospodárstva SR, Slovenským zväzom vidieckeho turizmu a agroturizmu 
500 |a 3000 výt. 
650 0 7 |a vidiecky cestovný ruch  |2 SNK  |9 998 
650 0 7 |a agroturistika  |2 SNK  |9 682 
655 7 |a informačné publikácie  |2 SNK  |9 70181 
700 1 |a Kondela, Jozef  |4 com  |9 685934 
700 1 |a Deneš, Ladislav  |4 fot  |9 283841 
700 1 |a Mach, František  |4 com  |9 316542 
700 1 |a Halás, Ľudovít  |4 com  |9 295395 
700 1 |a Babinský, Miroslav  |4 com  |4 gup  |9 316736 
710 0 |a Slovensko.  |b Ministerstvo pôdohospodárstva  |4 vyd  |9 115174 
710 0 |a Slovenský zväz vidieckeho turizmu a agroturizmu  |4 vyd  |9 14930 
919 |a 80-967873-0-6 
958 |a TL 
999 |c 1068248  |d 1070178 
952 |t P60, <04>, [BOOK], {604}  |a SNK  |b SNK  |y VYP  |7 0  |p 17A0261713  |o snkOSB 12377/1998 D1  |i snkKSP 13148/2000  |0 0  |1 0  |4 0  |d 2000-12-14  |l 0  |r 2005-01-02 00:00:00  |w 2026-02-24 
952 |t P60, <03>, [BOOK], {603}  |a SNK  |b SNK  |y PREZ  |7 0  |p 17A0261712  |o snkOSB 12377/1998  |i snkKSP 13147/2000  |0 0  |1 0  |4 0  |d 2000-12-14  |l 0  |r 2005-01-02 00:00:00  |w 2026-02-24